000 00595nam a22001697a 4500
003 SISC
005 20160728105045.0
008 160728b xxu||||| |||| 00| 0 eng d
020 _a9789718213568
050 _aHF 5691
_b.Z88 2013
100 _aZorilla, Roland S.
245 _aBusiness mathematics /
_cRoland S. Zorilla, Fe G. Partible, Beda H. Esller, Violetta C. Mendoza, Milna K. Cabrera.
260 _aMalabon City :
_bMutya Publishing House, Inc.,
_c2013.
300 _a277 pages :
_billustrations ;
_c28 cm.
500 _aIncludes bibliographical references and index.
942 _2lcc
_cBK
999 _c298069
_d298069